| 000 | 00677nam a2200289Ia 4500 | ||
|---|---|---|---|
| 001 | 13852 | ||
| 008 | 191123s9999 xx 000 0 und d | ||
| 041 | _aspa | ||
| 044 | _aag | ||
| 100 | _aGlusberg, Jorge, | ||
| 245 | 0 | _aSergio Camargo. | |
| 260 |
_aBuenos Aires : _baica, _c1980. |
||
| 300 |
_a16 p. _bilustrado blanco y negro |
||
| 500 | _aCENTRO DE ARTE Y COMUNICACIÓN | ||
| 650 | _aCAMARGO, SERGIO | ||
| 650 | _aCOLOMBIA | ||
| 650 | _aESCULTURA | ||
| 902 | _aM | ||
| 903 | _am | ||
| 904 | _am | ||
| 907 | _aimpreso | ||
| 911 | _ailustrado blanco y negro | ||
| 912 | _a1980 | ||
| 942 | _cLIBRO | ||
| 999 |
_c11481 _d11481 |
||
| 550 | _ailustrado blanco y negro | ||